|
|
|
|
| LEADER |
00000nam a2200000 i 4500 |
| 001 |
DIGEDUV0162 |
| 003 |
NyNyDIG |
| 008 |
210405s2013 ag o 000 d spa d |
| 006 |
m o d |
| 007 |
cr ||||||||||| |
| 035 |
|
|
|a (OCoLC)994842448
|
| 040 |
|
|
|a DGITA
|b eng
|e rda
|e pn
|c DGITA
|
| 020 |
|
|
|a 9789876990691
|q eBook
|
| 020 |
|
|
|a 9876990691
|q eBook
|
| 020 |
|
|
|z 9789876990479
|
| 020 |
|
|
|z 9876990470
|
| 041 |
1 |
|
|a dut
|a spa
|h dut
|
| 050 |
1 |
4 |
|a PT5881.28.I5467 ebook
|
| 100 |
1 |
|
|a Rijnders, Gerardjan,
|e author.
|
| 245 |
1 |
0 |
|a Tragedia /
|c Gerardjan Rijnders ; traducción del neerlandés, Micaela van Muylem ; prefacio de Soledad González.
|
| 264 |
|
1 |
|a Villa María, Córdoba [Argentina] :
|b Eduvim,
|c [2013]
|
| 300 |
|
|
|a 1 online resource.
|
| 336 |
|
|
|a text
|b txt
|2 rdacontent
|
| 337 |
|
|
|a computer
|b c
|2 rdamedia
|
| 338 |
|
|
|a online resource
|b cr
|2 rdacarrier
|
| 347 |
|
|
|a text file
|2 rdaft
|
| 347 |
|
|
|b PDF
|
| 490 |
1 |
|
|a Colección Teatro europeo contemporáneo
|
| 546 |
|
|
|a Text in Spanish and Dutch.
|
| 588 |
0 |
|
|a Online resource; title from PDF title page (Digitalia, viewed April 15, 2021)
|
| 655 |
|
7 |
|a Drama.
|2 lcgft
|
| 655 |
|
0 |
|a Electronic books.
|
| 700 |
1 |
|
|a Muylem, Micaela van,
|e translator.
|
| 700 |
1 |
|
|a González, Soledad,
|d 1970-
|e contributor agent of text.
|
| 700 |
1 |
2 |
|i Container of (work):
|a Rijnders, Gerardjan.
|t Tragedie.
|
| 700 |
1 |
2 |
|i Container of (expression):
|a Rijnders, Gerardjan.
|t Tragedie.
|l Spanish.
|
| 791 |
2 |
|
|a Digitalia (Firm),
|e distributor.
|
| 793 |
0 |
|
|g Digitalia eBook Collection:
|a Ediciones Eduvim
|
| 776 |
0 |
8 |
|i Print version:
|a Rijnders, Gerardjan.
|t Tragedia.
|d Villa María, Córdoba [Argentina] : Eduvim, 2013
|z 9789876990479
|
| 830 |
|
0 |
|a Colección Teatro europeo contemporáneo.
|
| 856 |
4 |
0 |
|3 Digitalia Hispánica
|u https://www.digitaliapublishing.com/a/30568/
|
| 910 |
|
|
|a Premium collection: 2021
|